000 00629 a2200205 4500
001 60957
005 20260407155859.0
008 260407a1966 arg spa d
003 AR-UNSa-BCEJYS
040 _aAR-UNSa-BCEJYS
_bspa
_cAR-UNSa-BCEJYS
080 _a35.077.3
_xProcedimiento administrativo (licitación pública...)
245 1 0 _aLa ley de procedimiento administrativo
250 _a2a. ed.
264 1 _aMadrid :
_bEscuela Nacional de Administración Pública
_c1966
300 _a119 p.
_c21 cm.
041 _aspa
942 _cBK
590 _aniveau_biblio:m niveau_hierar:0
100 1 _aGarrido Falla, Fernando
999 _c7147
_d7147